000 00647nam a2200241Ia 4500
003 OSt
005 20221005124733.0
006 a|||||r|||| 00| 0
007 ta
008 221004b |||||||| |||| 00| 0 ben d
020 _c40
024 _a27268
037 _b3, 18/01/2008, Mukta Dhara
_cTextual
040 _aCRL
_cCRL
_bben
041 _2ben
_aben
082 _aO157,6NGUx, P5
100 _aGuha Rabindra
_9635721
245 0 _aNeem sahitya bettanta
260 _c2005
650 _aBENGALI LITERATURE
942 _hO157,6NGUx, P5
_cTEXL
_2cc
999 _c1051467
_d1051467